Grants Versus Loans /

Under what conditions should grants be preferred to loans? To answer this question, we present a simple model a la Krugman (1988) and show that, for any given level of developmental assistance, the optimal degree of loan concessionality is positively associated with economic growth if countries are...

Ful tanımlama

Detaylı Bibliyografya
Yazar: Ulku, Hulya
Diğer Yazarlar: Cordella, Tito
Materyal Türü: Dergi
Dil:English
Baskı/Yayın Bilgisi: Washington, D.C. : International Monetary Fund, 2004.
Seri Bilgileri:IMF Working Papers; Working Paper ; No. 2004/161
Online Erişim:Full text available on IMF
LEADER 01703cas a2200253 a 4500
001 AALejournalIMF003142
008 230101c9999 xx r poo 0 0eng d
020 |c 5.00 USD 
020 |z 9781451857849 
022 |a 1018-5941 
040 |a BD-DhAAL  |c BD-DhAAL 
100 1 |a Ulku, Hulya. 
245 1 0 |a Grants Versus Loans /  |c Hulya Ulku, Tito Cordella. 
264 1 |a Washington, D.C. :  |b International Monetary Fund,  |c 2004. 
300 |a 1 online resource (31 pages) 
490 1 |a IMF Working Papers 
500 |a <strong>Off-Campus Access:</strong> No User ID or Password Required 
500 |a <strong>On-Campus Access:</strong> No User ID or Password Required 
506 |a Electronic access restricted to authorized BRAC University faculty, staff and students 
520 3 |a Under what conditions should grants be preferred to loans? To answer this question, we present a simple model a la Krugman (1988) and show that, for any given level of developmental assistance, the optimal degree of loan concessionality is positively associated with economic growth if countries are poor, have bad policies, and high debt obligations. We then test our model by estimating a modified growth model for a panel of developing countries, and find evidence supporting our predictions. Finally, we assess the determinants of current aid allocations and find that the degree of concessionality is negatively correlated with countries' levels of development. 
538 |a Mode of access: Internet 
700 1 |a Cordella, Tito. 
830 0 |a IMF Working Papers; Working Paper ;  |v No. 2004/161 
856 4 0 |z Full text available on IMF  |u http://elibrary.imf.org/view/journals/001/2004/161/001.2004.issue-161-en.xml  |z IMF e-Library